000 01594cam a22004454a 4500
001 muse84729
003 MdBmJHUP
005 20210127151546.0
006 m o d
007 cr||||||||nn|n
008 930414s1992 mx o 00 0 spa d
010 _z 93140466
020 _a9786076287460
020 _z9681205111
020 _z9789681205119
035 _a(OCoLC)1053889017
040 _aMdBmJHUP
_cMdBmJHUP
050 0 4 _aPQ7797.A66
_bS533 1992
082 0 _a863
_220
100 1 _aCorral, Rose.
245 1 3 _aEl obsesivo circular de la ficción
_basedios a "Los siete locos" y "Los lanzallamas" de Roberto Arlt /
_cRose Corral.
250 _a1. ed.
264 1 _bFondo de Cultura Económica,
264 3 _bProject MUSE,
300 _a1 online resource (119 p.)
500 _aOriginally presented as the author's thesis (doctorado--El Colegio de Mexico, 1987).
504 _aIncludes bibliographical references (p. 113-119).
506 0 _aOpen Access
_fUnrestricted online access
_2star
588 _aDescription based on print version record.
600 1 1 _aArlt, Roberto,
_d1900-1942.
_tLanzallamas.
600 1 1 _aArlt, Roberto,
_d1900-1942.
_tSiete locos.
655 7 _aElectronic books.
_2local
710 2 _aProject Muse.
_edistributor
830 0 _aBook collections on Project MUSE.
856 4 0 _zFull text available:
_uhttps://muse.jhu.edu/book/74394/
999 _c26197
_d26197